[Event "Pays de Charleroi Open 2012"]
[Site "Roux BEL"]
[Date "2012.08.01"]
[Round "6.15"]
[White "Schneider,HansP"]
[Black "Grobelny,F"]
[Result "1-0"]
[WhiteElo "2130"]
[BlackElo "1961"]

1.e4 c5 2.Nf3 d6 3.Bb5+ Bd7 4.a4 Nc6 5.O-O Nf6 6.Re1 e6 7.c3 Be7 8.d4 cxd4
9.cxd4 d5 10.e5 Ne4 11.Bd3 f5 12.exf6 Nxf6 13.Nc3 O-O 14.Bg5 Qe8 15.Bh4 Qh5
16.Bg3 Rf7 17.Bb5 Bf8 18.Rc1 Re8 19.Bd3 g6 20.Nb5 Bh6 21.Rc3 Bf8 22.Nd6 Bxd6
23.Bxd6 a6 24.b4 Nxd4 25.Nxd4 Qxd1 26.Rxd1 e5 27.Ne2 Bxa4 28.Rdc1 Bc6 29.f3 Rd7
30.Bc5 d4 31.Bc4+ Kg7 32.Ra3 Nd5 33.Bxd5 Rxd5 34.Ng3 Re6 35.Ne4 h6 36.g4 Rd7
37.b5 Bxb5 38.Bb4 b6 39.Kf2 a5 40.Bd2 Bc6 41.Rb1 Bd5 42.Rc1 Rf7 43.Kg3 h5
44.Ng5  1-0

[Event "Wasselonne Open 2012"]
[Site "Wasselonne FRA"]
[Date "2012.08.02"]
[Round "1.4"]
[White "Hartmann,Martin"]
[Black "Bellahcene,B"]
[Result "0-1"]
[WhiteElo "1720"]
[BlackElo "2390"]

1.e4 c5 2.Nf3 d6 3.Bb5+ Nc6 4.d4 cxd4 5.Nxd4 Bd7 6.Nc3 Nf6 7.Be3 g6 8.O-O Bg7
9.h3 O-O 10.Qd2 Nxd4 11.Qxd4 Ng4 12.Qd3 Nxe3 13.fxe3 Bxc3 14.bxc3 Bxb5 15.Qxb5 Qc7
16.c4 Rac8 17.Rab1 b6 18.Rb4 Qc5 19.Qxc5 Rxc5 20.Ra4 a5 21.Rb1 Rb8 22.Rb5 Rxb5
23.cxb5 Rc8 24.c4 Rc5 25.Kf2 Kg7 26.Kf3 Kf6 27.Kf4 h6 28.g3 Rc7 29.Kf3 Ke5
30.Ke2 Rc8 31.Kf2 Rc5 32.Kf3 h5 33.h4 f6 34.Ra3 Rxc4 35.Rd3 Rxe4 36.Rc3 Rb4
37.a4 Rxa4 38.Rc6 Rb4 39.Rxb6 a4 40.Ra6 Rxb5 41.Rxa4 Ke6 42.Re4+ Re5 43.Rb4 g5
44.Rd4 g4+ 45.Kf2 Rf5+ 46.Kg2 Rf3 47.Rd3 Ke5 48.Ra3 e6 49.Ra8 Ke4 50.Rh8 Rf5
51.Ra8 Kxe3 52.Ra6 Rd5 53.Ra1 Ke4 54.Re1+ Kf5 55.Rf1+ Kg6 56.Rf2 Rd3 57.Re2 e5
58.Rb2 d5 59.Re2 d4 60.Kf2 Rf3+ 61.Kg2 Re3 62.Rd2 Rc3 63.Rd1 Rc2+ 64.Kg1 Kf5
65.Rf1+ Ke6 66.Rd1 Ra2 67.Re1 Rb2 68.Rd1 Kd5 69.Re1 f5 70.Rf1 Ke6 71.Re1 Ra2
72.Rf1 Rb2 73.Re1 e4 74.Rd1 Ke5 75.Re1 Rc2 76.Rd1 Ra2 77.Re1 Kd5 78.Rf1 Ke6
79.Rd1 d3 80.Re1 Ra7 81.Rd1 Rc7 82.Kf2 Rc2+ 83.Ke3 Ke5 84.Re1 Re2+ 85.Rxe2 dxe2
86.Kxe2 f4  0-1

[Event "51st World Juniors"]
[Site "Athens GRE"]
[Date "2012.08.03"]
[Round "2.65"]
[White "Larmuseau,Mi"]
[Black "Alexiadis,Hristos"]
[Result "1/2-1/2"]
[WhiteElo "2154"]
[BlackElo "1769"]

1.e4 c5 2.Nf3 d6 3.Bb5+ Nd7 4.c3 Nf6 5.Qe2 a6 6.Ba4 b5 7.Bc2 Bb7 8.d4 cxd4
9.cxd4 Qa5+ 10.Bd2 Qc7 11.Bd3 e5 12.d5 Be7 13.O-O Rc8 14.a4 bxa4 15.Rxa4 Nc5
16.Rc4 Qd7 17.Rfc1 O-O 18.Bb4 Nxd3 19.Qxd3 Rxc4 20.Rxc4 a5 21.Bxa5 Ba6 22.Nbd2 Bxc4
23.Nxc4 Qb5 24.g3 Rc8 25.Nfd2 Nd7 26.h4 Nc5 27.Qc2 Nb7 28.b4 Nxa5 29.bxa5 Qxa5
30.Qb3 Rxc4 31.Nxc4 Qe1+ 32.Kg2 Qxe4+ 33.Kh2 Qxd5 34.Qb8+ Bf8 35.Nb6 Qe6
36.Qa8 Qf5 37.Kg2 g6 38.Nd5 Kg7 39.Nc7 e4 40.Nd5 h5 41.Kg1 Qe5 42.Qb7 Kg8
43.Qa8 Qe6 44.Nf4 Qc4 45.Nd5 Qd4 46.Ne3 Kg7 47.Nd5 Qe5 48.Qb7 Qe6 49.Qb2+ f6
50.Qb7+ Qf7 51.Qc6 Qe6 52.Qb7+ Kg8 53.Qa8 g5 54.hxg5 fxg5 55.Kg2 h4 56.Ne3 Kf7
57.Qb7+ Be7 58.gxh4 gxh4 59.Qb5 h3+ 60.Kh2 Bf6 61.Qh5+ Kg7 62.Qxh3 Be5+ 63.Kg2 Qxh3+
64.Kxh3 Kf6 65.Kg2 Ke6 66.f3 Bf4 67.Nc2 e3 68.Kf1 Kd5 69.Ke2 Kc4 70.Nxe3+ Bxe3
71.Kxe3 Kc3 72.Ke4  1/2-1/2

[Event "45th Biel Masters Open"]
[Site "Biel SUI"]
[Date "2012.08.03"]
[Round "11"]
[White "Gara,A"]
[Black "Kraemer,Mart"]
[Result "0-1"]
[WhiteElo "2312"]
[BlackElo "2506"]

1.e4 c5 2.Nf3 d6 3.Bb5+ Nd7 4.d4 cxd4 5.Qxd4 a6 6.Bxd7+ Bxd7 7.Nc3 e5 8.Qd3 h6
9.Be3 Nf6 10.a4 Be6 11.a5 Rc8 12.Bb6 Qd7 13.Nd2 d5 14.exd5 Nxd5 15.Nxd5 Qxd5
16.O-O Qxd3 17.cxd3 Bb4 18.Nc4 f6 19.Ra4 Be7 20.Ne3 Kf7 21.d4 Bb3 22.Raa1 exd4
23.Bxd4 Rhd8 24.Nf5 Bb4 25.Bb6 Rd2 26.Rac1 Rdc2 27.Rcd1 Bc4 28.Rfe1 Bxe1
29.Rxe1 Rd2 30.g4 Be6 31.b4 Bxf5 32.gxf5 Rd5 33.Bc5 Rc7 34.Bb6 Rcd7 35.Kg2 Rxf5
36.Rc1 g5 37.h3 h5 38.Rc8 Re5 39.Rh8 Kg7 40.Rc8 Re4 41.Bc5 h4 42.Kf3 Rf4+
43.Ke3 Kg6 44.Rh8 Kf5 45.Rh6 Ke5 46.Rh5 Kd5 47.Rh6 Kc4 48.Ke2 Kb5 49.Rg6 Rf7
50.Ke3 Rc4 51.Kd3 Rc1 52.Ke4 Rh1 53.Bd4 Rxh3 54.Bxf6 Kxb4 55.Bd8 Rh1 56.Bxg5 Rxf2
57.Rb6+ Kc4 58.Ke3 Rf7  0-1

[Event "Olomouc Summer Open"]
[Site "Olomouc CZE"]
[Date "2012.08.03"]
[Round "2.1"]
[White "Svancara,P"]
[Black "Zilka,S"]
[Result "0-1"]
[WhiteElo "2121"]
[BlackElo "2517"]

1.e4 c5 2.Nf3 d6 3.Bb5+ Nc6 4.Bxc6+ bxc6 5.O-O e5 6.d3 Be7 7.Nbd2 f5 8.exf5 Bxf5
9.Re1 Nf6 10.Nc4 O-O 11.Ne3 Bd7 12.Bd2 Rb8 13.b3 Nd5 14.Nxd5 cxd5 15.h3 Qe8
16.Qe2 Qg6 17.Kh1 Rf7 18.Nh2 Rbf8 19.Rf1 h5 20.Rae1 Bh4 21.f3 Bxe1 22.Rxe1 Bc6
23.f4  0-1

[Event "FSIMB August 2012"]
[Site "Budapest HUN"]
[Date "2012.08.05"]
[Round "2.4"]
[White "Lyell,M"]
[Black "Samhouri,A"]
[Result "0-1"]
[WhiteElo "2225"]
[BlackElo "2373"]

1.e4 c5 2.Nf3 d6 3.Bb5+ Nc6 4.Bxc6+ bxc6 5.O-O e5 6.c3 f5 7.exf5 Bxf5 8.d4 cxd4
9.cxd4 e4 10.Ng5 Be7 11.d5 Nf6 12.Nc3 h6 13.Ne6 Bxe6 14.dxe6 d5 15.f3 O-O
16.Kh1 exf3 17.Rxf3 d4 18.Ne2 c5 19.Nf4 Re8 20.Qe2 Bd6 21.Qc4 Bxf4 22.Bxf4 Qd5
23.Qxd5 Nxd5 24.Re1 Rac8 25.Bd6 Rc6 26.Bg3 Rcxe6 27.Rxe6 Rxe6 28.Ra3 c4 29.Ra5 Nf6
30.Rxa7 d3 31.Ra8+ Kf7 32.Rd8 Ke7 33.Rd4 Re4 34.Rd6 Re2 35.Kg1 Rxb2 36.h3 Ne4  0-1

[Event "FSFMA1 August 2012"]
[Site "Budapest HUN"]
[Date "2012.08.05"]
[Round "2.1"]
[White "Mayer,I"]
[Black "Krstulovic,Alex"]
[Result "1-0"]
[WhiteElo "2085"]
[BlackElo "1836"]

1.e4 c5 2.Nf3 d6 3.Bb5+ Bd7 4.a4 a6 5.Bc4 e6 6.Nc3 Nf6 7.d3 Be7 8.e5 dxe5
9.Nxe5 O-O 10.O-O Nc6 11.Nxd7 Qxd7 12.Ne4 Nxe4 13.dxe4 Rfd8 14.Bf4 Qd4 15.Qe2 Qxb2
16.Rab1 Qa3 17.Rxb7 Qxa4 18.Bc7 Rd7 19.Rfb1 Nb4 20.c3 Qc6 21.Rb8+ Rxb8 22.Bxb8 Qa8
23.Bf4 Nc6 24.Bxa6 Ra7 25.Bc4 Ra1 26.Qb2 Rxb1+ 27.Qxb1 Bf6 28.Bb5 Qb7 29.Qd3 h5
30.h3 Ne5 31.Qe2 g6 32.Be3 Nd7 33.Qc4 Ne5 34.Qa4 c4 35.f3 Qc7 36.f4 Nd3 37.e5 Bg7
38.Qxc4 Qxc4 39.Bxc4 Nb2 40.Bb5 Nd1 41.Bd4 Bh6 42.g3 g5 43.c4 gxf4 44.c5 Ne3
45.c6 Nd5 46.Bc4 Nc7 47.g4 hxg4 48.hxg4 Bg7 49.Kg2 Kf8 50.Kf3 Ke8 51.Kxf4 Bh6+
52.g5 Bg7 53.Kg4 Bf8 54.Bb6 Kd8 55.g6 fxg6 56.Bxe6 Bg7 57.Kf4 Bh6+ 58.Ke4 Bf8
59.Bf7 Be7 60.Bxg6 Kc8 61.Bf5+ Kb8 62.Bd7 Na8 63.Ba5 Nc7 64.Kf5 Bd8 65.Kg6 Be7
66.Kf7 Bh4 67.Bb4 Ka7 68.e6 Nd5 69.Bc5+ Kb8 70.e7 Nxe7 71.Bd6+ Ka7 72.Bxe7 Bg3
73.Ke6  1-0

[Event "81st ch-UKR 2012"]
[Site "Kiev UKR"]
[Date "2012.08.05"]
[Round "9.5"]
[White "Kuzubov,Y"]
[Black "Areshchenko,A"]
[Result "1/2-1/2"]
[WhiteElo "2623"]
[BlackElo "2691"]

1.e4 c5 2.Nf3 d6 3.Bb5+ Bd7 4.Bxd7+ Qxd7 5.O-O Nf6 6.Re1 Nc6 7.c3 e6 8.d4 cxd4
9.cxd4 d5 10.e5 Ne4 11.Nbd2 Nxd2 12.Bxd2 Be7 13.Rc1 O-O 14.Rc3 Rfc8 15.a3 Bd8
16.Qb1 Ne7 17.Rec1 Rxc3 18.Rxc3 Rc8 19.Qc2 h6 20.Rxc8 Qxc8 21.Qxc8 Nxc8  1/2-1/2

[Event "ch-POR 2012"]
[Site "Pampilhosa da Serra POR"]
[Date "2012.08.05"]
[Round "2.1"]
[White "Ulyanovskyy,Vi"]
[Black "Damaso,R"]
[Result "1/2-1/2"]
[WhiteElo "2290"]
[BlackElo "2365"]

1.e4 c5 2.Nf3 d6 3.Bb5+ Nd7 4.O-O a6 5.Bxd7+ Bxd7 6.Re1 Nf6 7.e5 dxe5 8.Nxe5 Rc8
9.b3 e6 10.Bb2 Be7 11.Qf3 Bc6 12.Nxc6 Rxc6 13.d3 O-O 14.Nc3 Ne8 15.Ne4  1/2-1/2

[Event "21st Metro GM"]
[Site "Los Angeles USA"]
[Date "2012.08.06"]
[Round "7"]
[White "Bojkov,D"]
[Black "Arnold,Mar"]
[Result "1/2-1/2"]
[WhiteElo "2556"]
[BlackElo "2540"]

1.e4 c5 2.Nf3 d6 3.Bb5+ Bd7 4.Bxd7+ Qxd7 5.c4 Nc6 6.d4 cxd4 7.Nxd4 Nf6 8.Nc3 g6
9.f3 Bg7 10.Be3 O-O 11.O-O e6 12.Qd2 Rfd8 13.Rad1 Nxd4 14.Bxd4 Qc6 15.b3 a6
16.a4 Rac8 17.Kh1 Nd7 18.Bxg7 Kxg7 19.f4 Qc5 20.f5 Nf6 21.Rf3 Qe5 22.Rdf1 Rf8
23.Rh3 h5 24.Rg3  1/2-1/2

[Event "Jiraskuv Memorial GM 2012"]
[Site "Rakovnik CZE"]
[Date "2012.08.06"]
[Round "4"]
[White "Velicka,P"]
[Black "Cerveny,M"]
[Result "1/2-1/2"]
[WhiteElo "2461"]
[BlackElo "2346"]

1.e4 c5 2.Nf3 d6 3.Bb5+ Bd7 4.Bxd7+ Qxd7 5.c4 Nc6 6.Nc3 Nf6 7.d4 cxd4 8.Nxd4 Qg4
9.Qxg4 Nxg4 10.Nxc6 bxc6 11.f4 e5 12.f5 Nf6 13.Bg5 Nd7 14.O-O-O a5 15.Na4 Be7
16.Bd2 Kd8 17.h3 Kc7 18.g4 h6 19.Kc2 Bg5 20.Bc3 Bf4 21.c5 Nxc5 22.Nxc5 dxc5
23.Kb3 f6 24.Rd3 Rhd8 25.Rxd8 Kxd8 26.Re1 Kc7 27.Kc4 Kb6 28.Rd1 Kc7 29.Rd3 Bh2
30.Kxc5 Bg1+ 31.Kc4 c5 32.Kb5 Rb8+ 33.Ka4 Kc6 34.b3 Bd4 35.Bxa5 Ra8 36.Rf3 Bb2
37.b4 cxb4 38.Kxb4 Bd4 39.Rb3 Ra7 40.Ka4 Kc5 41.Rb8 Kc4 42.Rc8+ Bc5 43.Rc7 Ra8
44.Rb7 Bd4 45.Rc7+ Bc5 46.Rb7 Bd4  1/2-1/2

[Event "51st World Juniors"]
[Site "Athens GRE"]
[Date "2012.08.07"]
[Round "6.54"]
[White "Larmuseau,Mi"]
[Black "Capone,N"]
[Result "1/2-1/2"]
[WhiteElo "2154"]
[BlackElo "2120"]

1.e4 c5 2.Nf3 d6 3.Bb5+ Bd7 4.Bxd7+ Qxd7 5.O-O Nc6 6.Qe2 e6 7.Rd1 Nf6 8.d4 cxd4
9.Nxd4 Be7 10.c4 O-O 11.Nc3 a6 12.b3 Nxd4 13.Rxd4 Qc6 14.Ba3 Rfd8 15.Rad1 Rac8
16.Qd2 Ne8 17.Rd3 Bf6 18.Qe2 b5 19.cxb5 axb5 20.Bb4 Be5 21.g3 Qb6 22.Qe3 Qxe3
23.Rxe3 Bxc3 24.Rxc3 Rxc3 25.Bxc3 Rc8 26.Bb4 f6 27.Rd2 Rc6 28.f4 Kf7 29.Kf2 g6
30.g4 g5 31.fxg5  1/2-1/2

[Event "21st Metro GM"]
[Site "Los Angeles USA"]
[Date "2012.08.07"]
[Round "9"]
[White "Bojkov,D"]
[Black "Matikozian,A"]
[Result "1-0"]
[WhiteElo "2556"]
[BlackElo "2400"]

1.e4 c5 2.Nf3 d6 3.Bb5+ Nd7 4.d4 cxd4 5.Qxd4 Nf6 6.Nc3 e5 7.Qd3 h6 8.Be3 a6
9.Bc4 Be7 10.a4 Nb6 11.Bxb6 Qxb6 12.O-O O-O 13.Nd5 Nxd5 14.Bxd5 Be6 15.a5 Qc7
16.c3 Rac8 17.Rfd1 Qb8 18.Nd2 Bxd5 19.Qxd5 Rc5 20.Qd3 Qc7 21.Nb3 Rc6 22.Ra2 Rd8
23.Qe2 g6 24.Rd5 Bg5 25.Ra1 b5 26.axb6 Rxb6 27.Na5 Rdb8 28.Nc4 Rc6 29.Ra4 Rb5
30.Rd1 Rbc5 31.b3 Rb5 32.g3 h5 33.h4 Bh6 34.Rda1 Rcc5 35.Rxa6 Rxb3 36.Ra7 Qd8
37.Qa2 Rxc3 38.Nxd6 Rc1+ 39.Rxc1 Rxc1+ 40.Kg2  1-0

[Event "16th HZ Open"]
[Site "Vlissingen NED"]
[Date "2012.08.07"]
[Round "5"]
[White "Haslinger,S"]
[Black "Esen,B"]
[Result "1/2-1/2"]
[WhiteElo "2524"]
[BlackElo "2587"]

1.e4 c5 2.Nf3 d6 3.Bb5+ Nd7 4.d4 cxd4 5.Qxd4 a6 6.Bxd7+ Bxd7 7.O-O e5 8.Qd3 Rc8
9.b3 Qc7 10.c4 b5 11.Na3 Qb7 12.Re1 h6 13.Nd2 Nf6 14.Nc2 Be7 15.Ba3 Be6 16.Ne3  1/2-1/2

[Event "Euro Chess Tournament GpA 2012"]
[Site "Borne NED"]
[Date "2012.08.08"]
[Round "4"]
[White "Stolwijk,Colin"]
[Black "Beerdsen,Thomas"]
[Result "1-0"]
[WhiteElo "1980"]
[BlackElo "2057"]

1.e4 c5 2.Nf3 d6 3.Bb5+ Nc6 4.O-O Bg4 5.c3 a6 6.Ba4 b5 7.Bb3 c4 8.Bc2 Ne5
9.d4 cxd3 10.Bxd3 Nf6 11.Be2 Bxf3 12.gxf3 Qd7 13.a4 Rb8 14.axb5 axb5 15.Na3 h5
16.Nxb5 Nxf3+ 17.Bxf3 Qxb5 18.Qa4 Qxa4 19.Rxa4 Nd7 20.Be3 Ne5 21.Bd1 Rxb2
22.Rb4 Rxb4 23.cxb4 Nc4 24.Ba7 Kd8 25.Be2 Ne5 26.Rc1 e6 27.b5 Nd7 28.b6 Nxb6
29.Bxb6+ Ke7 30.Rc8 g6 31.Bd8+ Kd7 32.Rb8 Kc6 33.Bf6 Kc7 34.Ra8 Kb7 35.Re8 Rg8
36.Be7  1-0

[Event "XIII Miquel Mas Open"]
[Site "Figueres ESP"]
[Date "2012.08.09"]
[Round "1.12"]
[White "Falgueras Marti,C"]
[Black "Guilleux,F"]
[Result "0-1"]
[WhiteElo "2003"]
[BlackElo "2439"]

1.e4 c5 2.Nf3 d6 3.Bb5+ Nd7 4.O-O Nf6 5.Re1 a6 6.Bf1 b5 7.a4 Bb7 8.axb5 axb5
9.Rxa8 Qxa8 10.Bxb5 Bxe4 11.Nc3 Bxf3 12.Qxf3 Qxf3 13.gxf3 e6 14.Ne4 Be7 15.Nxf6+ Bxf6
16.Re4 Ke7 17.Ra4 Rb8 18.c4 Ne5 19.Ra7+ Kf8 20.Ra3 d5 21.f4 Nxc4 22.Bxc4 dxc4
23.d3 Rd8 24.Kf1 cxd3 25.Ke1 c4 26.Ra4 Rc8  0-1

[Event "2nd Riga Tech Open"]
[Site "Riga LAT"]
[Date "2012.08.09"]
[Round "5.8"]
[White "Neiksans,A"]
[Black "Hoffmann,Pau"]
[Result "1-0"]
[WhiteElo "2537"]
[BlackElo "2384"]

1.e4 c5 2.Nf3 d6 3.Bb5+ Bd7 4.Bxd7+ Qxd7 5.O-O Nf6 6.Qe2 Nc6 7.c3 e6 8.d4 cxd4
9.cxd4 d5 10.e5 Ne4 11.Be3 f5 12.exf6 gxf6 13.Bf4 Bg7 14.Nbd2 f5 15.Qe3 O-O
16.Rac1 Rae8 17.Nb3 Qd8 18.Ne5 Bxe5 19.dxe5 d4 20.Qd3 Qh4 21.g3 Qd8 22.Rfd1 Rf7
23.Nxd4 Qb6 24.Qb5 Nxd4 25.Qxe8+ Rf8 26.Qh5 Qxb2 27.Rc7 Ne2+ 28.Kf1 N2xg3+
29.Bxg3  1-0

[Event "51st World Juniors"]
[Site "Athens GRE"]
[Date "2012.08.10"]
[Round "8.43"]
[White "Larmuseau,Mi"]
[Black "Stanciu,Al"]
[Result "0-1"]
[WhiteElo "2154"]
[BlackElo "2342"]

1.e4 c5 2.Nf3 d6 3.Bb5+ Bd7 4.Bxd7+ Qxd7 5.O-O Nf6 6.e5 dxe5 7.Nxe5 Qc7 8.d4 e6
9.Bf4 Qb6 10.Na3 cxd4 11.Nac4 Qc5 12.c3 Be7 13.Qa4+ b5 14.Qb3 bxc4 15.Qb7 Qd5
16.Qc8+ Qd8 17.Qxc4 O-O 18.Rad1 Nd5 19.Rxd4 Qc8 20.Qe2 Nxf4 21.Rxf4 Nd7 22.Rc4 Qb7
23.Nc6 Nb6 24.Nxe7+ Qxe7 25.Re4 Rfd8 26.c4 Rd7 27.Qc2 Rc8 28.Rc1 Qb4 29.a3 Rxc4
30.Rxc4 Qxc4 31.Qxc4 Nxc4 32.Kf1 Nd6  0-1

[Event "30th World Junior Girls"]
[Site "Athens GRE"]
[Date "2012.08.10"]
[Round "8.20"]
[White "Narva,T"]
[Black "Pavlidou,E"]
[Result "0-1"]
[WhiteElo "2028"]
[BlackElo "2237"]

1.e4 c5 2.Nf3 d6 3.Bb5+ Nd7 4.O-O a6 5.Bxd7+ Qxd7 6.d4 cxd4 7.Qxd4 e5 8.Qd3 Qc6
9.Rd1 Be6 10.b3 Rc8 11.c3 Be7 12.Ba3 Nf6 13.Re1 b5 14.Bb4 h6 15.Na3 Qb7 16.Rab1 O-O
17.c4 bxc4 18.bxc4 Qc7 19.Nd2 Nd7 20.Rec1 Qc6 21.f3 a5 22.Bxa5 Qc5+ 23.Kh1 Qxa5
24.Rb5 Nc5 25.Rxa5 Nxd3  0-1

[Event "Euro Chess Tournament GpA 2012"]
[Site "Borne NED"]
[Date "2012.08.10"]
[Round "7"]
[White "Majhi,Ankit"]
[Black "Lentjes,N"]
[Result "1-0"]
[WhiteElo "1911"]
[BlackElo "1978"]

1.e4 c5 2.Nf3 d6 3.Bb5+ Nd7 4.d4 cxd4 5.Qxd4 a6 6.Bxd7+ Bxd7 7.Be3 e6 8.Nc3 Bc6
9.O-O Nf6 10.Rfe1 Be7 11.Rad1 Qc7 12.h3 O-O 13.e5 dxe5 14.Qxe5 Qxe5 15.Nxe5 Rac8
16.Ne2 Bd5 17.Nc3 b5 18.Bg5 Rfe8 19.Bxf6 Bxf6 20.Nxd5 exd5 21.Nd3 Re4 22.c3 Rxe1+
23.Nxe1 Rd8 24.Nc2 a5 25.Nd4 b4 26.cxb4 axb4 27.Nc6 Ra8 28.Nxb4 Bxb2 29.Rxd5 h6
30.Rd3 Ra4 31.Rb3 Be5 32.Kf1 Bd6 33.a3 Kf8 34.Ke2 Ke7 35.Kd3 Kd7 36.Kc4 Ra5
37.Rf3 f6 38.Kb3 Rb5 39.Rd3 Ke6 40.Re3+ Kf5 41.Rd3 Ke6 42.Rd4 Bc5 43.Rg4 g5
44.Kc4 Bxb4 45.Kxb5 Bxa3 46.Ra4 Bb2 47.Kc4 Kf5 48.Kd5 Be5 49.Re4 Bb2 50.g4+ Kg6
51.Ke6 h5 52.Rb4 Be5 53.f3 hxg4 54.hxg4 Bc3 55.Rc4 Be5 56.Rc8 Kg7 57.Kf5 Kf7
58.Rh8 Ke7 59.Rh7+  1-0

[Event "TATA 14th IBCA Olympiad"]
[Site "Chennai IND"]
[Date "2012.08.10"]
[Round "1.1"]
[White "Meshkov,Y"]
[Black "Molnar,Lu"]
[Result "1/2-1/2"]
[WhiteElo "2390"]
[BlackElo "1981"]

1.e4 c5 2.Nf3 d6 3.Bb5+ Bd7 4.a4 Nc6 5.O-O a6 6.Bc4 Nf6 7.Re1 e6 8.b3 Be7
9.Bb2 O-O 10.e5 Nxe5 11.Nxe5 dxe5 12.Bxe5 b5 13.Bd3 Bc6 14.Nc3 Qb6 15.Re3 g6
16.Qe2 Nd7 17.Bf4 Bf6 18.axb5 axb5 19.Re1 b4 20.Ne4 Bxe4 21.Bxe4 Ra7 22.Rd3 Qa6
23.g3 Rc8 24.Qf3 Ne5 25.Bxe5 Bxe5 26.Kg2 Bg7 27.Rde3 Rd7 28.Bd3 Qd6 29.h4 Qd5
30.Re4 h5 31.R1e2 Rcd8 32.Bc4 Qc6 33.d3 Rd4 34.Rxd4 Qxf3+ 35.Kxf3 Bxd4  1/2-1/2

[Event "XIII Miquel Mas Open"]
[Site "Figueres ESP"]
[Date "2012.08.11"]
[Round "3.1"]
[White "Martinez Duany,L"]
[Black "Mirzoev,A"]
[Result "1/2-1/2"]
[WhiteElo "2476"]
[BlackElo "2545"]

1.e4 c5 2.Nf3 d6 3.Bb5+ Bd7 4.Bxd7+ Qxd7 5.c4 Nf6 6.Nc3 g6 7.O-O Bg7 8.d4 cxd4
9.Nxd4 O-O 10.f3 Rc8 11.b3 d5 12.exd5 Nxd5 13.Nxd5 e6 14.Bh6 exd5 15.Bxg7 Kxg7
16.Nb5 dxc4 17.Nd6 Rd8 18.Nxb7 Qxd1 19.Rfxd1 Rxd1+ 20.Rxd1 cxb3 21.axb3 Nc6
22.Rd7 a5 23.Rc7 Ra7 24.Rxc6 Rxb7  1/2-1/2

[Event "11th Braunau Open A"]
[Site "Ranshofen AUT"]
[Date "2012.08.11"]
[Round "9.7"]
[White "Dovzik,J"]
[Black "Konguvel,P"]
[Result "1/2-1/2"]
[WhiteElo "2346"]
[BlackElo "2319"]

1.e4 c5 2.Nf3 d6 3.Bb5+ Bd7 4.Bxd7+ Qxd7 5.c4 Nf6 6.Nc3 g6 7.d4 cxd4 8.Nxd4 Bg7
9.f3 O-O 10.Be3 Nc6 11.O-O a6 12.a4 Rac8 13.b3 e6 14.Rc1 Qd8 15.Nde2 Qa5
16.Qd2 Nd7 17.Rb1 Rfd8 18.Rfd1 Nc5 19.Nd4 Nxd4 20.Bxd4 Nd7 21.Bxg7 Kxg7 22.Qd4+ Qe5
23.Rd2  1/2-1/2

[Event "2nd Riga Tech Open"]
[Site "Riga LAT"]
[Date "2012.08.11"]
[Round "8.2"]
[White "Shankland,S"]
[Black "Kanmazalp,O"]
[Result "1-0"]
[WhiteElo "2581"]
[BlackElo "2369"]

1.e4 c5 2.Nf3 d6 3.Bb5+ Bd7 4.Bxd7+ Qxd7 5.c4 Nf6 6.Nc3 g6 7.d4 cxd4 8.Nxd4 Bg7
9.f3 O-O 10.Be3 Nc6 11.O-O Rac8 12.b3 e6 13.Qd2 Rfd8 14.Rad1 d5 15.cxd5 exd5
16.Nxc6 bxc6 17.e5 Ne8 18.f4 f6 19.Ne4 Qe7 20.Bc5 Qf7 21.Nxf6+ Nxf6 22.exf6 Qxf6
23.f5 gxf5 24.Rf3 d4 25.Rg3 Kh8 26.Rxg7 Kxg7 27.Bxd4 Rxd4 28.Qxd4 Qxd4+ 29.Rxd4 Rc7
30.Kf2 Kf6 31.Rc4 Ke5 32.Kf3 Kd5 33.Kf4 Rg7 34.Rc2 Kd4 35.g3 c5 36.Kxf5 Kd3
37.Rxc5 Rf7+ 38.Kg5 Rf2 39.h4 Rxa2 40.Rc7 Ra5+ 41.Kh6 Ke4 42.g4 Rb5 43.Rxa7 Rxb3
44.Rxh7 Rb6+ 45.Kh5 Rf6 46.Kg5 Re6 47.h5 Ke5 48.Rf7  1-0

[Event "2nd Split Open 2012"]
[Site "Split CRO"]
[Date "2012.08.11"]
[Round "1.15"]
[White "Galic,I2"]
[Black "Sand,R"]
[Result "1-0"]
[WhiteElo "2364"]
[BlackElo "1974"]

1.e4 c5 2.Nf3 d6 3.Bb5+ Bd7 4.Bxd7+ Qxd7 5.d4 cxd4 6.Nxd4 Nf6 7.f3 g6 8.c4 Bg7
9.O-O O-O 10.Nc3 Rc8 11.b3 d5 12.e5 Ne8 13.f4 dxc4 14.Be3 e6 15.Rc1 Nc6 16.Nxc6 Qxc6
17.bxc4 f6 18.exf6 Nxf6 19.Nb5 Rd8 20.Qf3 Qxf3 21.Rxf3 Ng4 22.Nc7 Nxe3 23.Nxa8 Rxa8
24.Rxe3 Bd4 25.Kf2 Kf7 26.Rd1 Bxe3+ 27.Kxe3 Ke7 28.Rb1 b6 29.c5 Rb8 30.a4 Kd7
31.Ke4 Kc6 32.cxb6 axb6 33.Ke5 Ra8 34.Rc1+ Kd7 35.Rc4 Ra5+ 36.Kf6 Rf5+ 37.Kg7 e5
38.Kxh7 Rh5+ 39.Kxg6 Rxh2 40.g4 exf4 41.Rxf4 Ra2 42.g5 Ke7 43.Kg7 Rg2 44.Re4+ Kd7
45.g6 Rg1 46.Re5 Rf1 47.Kh6 Rh1+ 48.Rh5 Rg1 49.g7  1-0

[Event "2nd Split Open 2012"]
[Site "Split CRO"]
[Date "2012.08.11"]
[Round "1.35"]
[White "Bozanic,I"]
[Black "Kecskemeti,A"]
[Result "1-0"]
[WhiteElo "2267"]
[BlackElo "1856"]

1.e4 c5 2.Nf3 d6 3.Bb5+ Bd7 4.Bxd7+ Qxd7 5.c4 e5 6.Nc3 Nc6 7.d3 g6 8.h4 h5
9.Be3 Bg7 10.a3 Nge7 11.Rb1 O-O 12.b4 b6 13.Qd2 Nd4 14.Ng5 f6 15.Nh3 f5 16.Ng5 Ne6
17.Nxe6 Qxe6 18.Bg5 Bf6 19.bxc5 dxc5 20.Bxf6 Qxf6 21.Qg5 Qe6 22.Nd5 Nxd5
23.exd5 Qd6 24.f4 Rae8 25.O-O e4 26.Qg3 exd3 27.Qxd3 Re4 28.Rbe1 Rfe8 29.Rxe4 Rxe4
30.g3 Qe7 31.d6 Qd7 32.Qd5+ Kg7 33.Rd1 Re6 34.Kf2 Kh7 35.Rd2 Kg7 36.a4 Kf7
37.a5 Ke8 38.a6 Kd8 39.Qa8+ Qc8 40.Qxa7  1-0

[Event "16th HZ Open"]
[Site "Vlissingen NED"]
[Date "2012.08.11"]
[Round "9"]
[White "Willemze,T"]
[Black "Nyzhnyk,I"]
[Result "0-1"]
[WhiteElo "2387"]
[BlackElo "2619"]

1.e4 c5 2.Nf3 d6 3.Bb5+ Nd7 4.c4 a6 5.Bxd7+ Bxd7 6.d4 cxd4 7.Qxd4 Rc8 8.O-O e5
9.Qd3 Qc7 10.b3 b5 11.Na3 Qb7 12.Bb2 Nf6 13.cxb5 axb5 14.Rac1 Rxc1 15.Rxc1 Nxe4
16.b4 Be7 17.Re1 Nf6 18.Nxe5 dxe5 19.Rxe5 Be6 20.Rxb5 Qc7  0-1

[Event "TATA 14th IBCA Olympiad"]
[Site "Chennai IND"]
[Date "2012.08.12"]
[Round "3.4"]
[White "Kichukov,Milko"]
[Black "Darpan,I"]
[Result "1/2-1/2"]
[WhiteElo "1821"]
[BlackElo "2015"]

1.e4 c5 2.Nf3 d6 3.Bb5+ Nc6 4.d4 cxd4 5.Nxd4 Bd7 6.Nxc6 bxc6 7.Bc4 Nf6 8.Nc3 g6
9.O-O Bg7 10.h3 O-O 11.Be3 a5 12.Qd2 a4 13.a3 Qa5 14.f3 Rab8 15.Rab1 Rfd8
16.Ne2 Qxd2 17.Bxd2 d5 18.exd5 cxd5 19.Bd3 e5 20.Ng3 Be6 21.Ba5 Rdc8 22.Bb4 Nd7
23.c3 Nc5 24.Bc2 Ra8 25.Rbd1 Na6 26.Ra1 Nxb4 27.axb4 a3 28.Rfb1 axb2 29.Rxa8 Rxa8
30.Rxb2 e4 31.fxe4 Bxc3 32.Rb1 Be5 33.exd5 Bxd5 34.Be4 Bd4+ 35.Kh1 Bxe4 36.Nxe4 Kf8
37.b5 Bb6 38.Nf6 Rd8 39.Nxh7+ Ke7 40.Re1+ Kd6 41.Ng5 Kc5 42.Nxf7 Rd5 43.Re5 Rxe5
44.Nxe5 Kxb5 45.Nxg6 Kc6 46.Kh2 Bc7+ 47.g3 Kd5 48.h4 Ke4 49.Kh3 Kf5 50.Ne7+ Ke6
51.Nc6 Kd5 52.Ne7+ Ke6 53.Ng6 Kf5 54.h5 Kg5 55.g4 Bd6 56.Nh8 Kf6 57.Kh4 Bf4
58.Ng6 Bg5+ 59.Kg3 Bh6 60.Nh4 Bd2 61.Nf3 Be3 62.Ne1 Bc5 63.Nd3 Bd6+ 64.Kh4 Be7
65.Ne1 Ke5+ 66.Kg3 Kf6 67.Nf3 Bd6+ 68.Kh4 Be7 69.Ne1 Ke5+ 70.Kg3 Kf6 71.Nf3 Bd6+
72.Kh4 Be7 73.g5+ Kf5 74.h6 Bxg5+ 75.Nxg5 Kg6 76.h7 Kg7 77.Kg4 Kh8 78.Kf5 Kg7
79.Ke6 Kh8 80.Ke7 Kg7 81.Ke8 Kh8  1/2-1/2

[Event "2nd Split Open 2012"]
[Site "Split CRO"]
[Date "2012.08.12"]
[Round "2.42"]
[White "Vukelic,T"]
[Black "Mostowski,B"]
[Result "1-0"]
[WhiteElo "2204"]
[BlackElo "1758"]

1.e4 c5 2.Nf3 d6 3.Bb5+ Nd7 4.O-O a6 5.Bd3 Ngf6 6.c3 b5 7.Bc2 Bb7 8.d3 Qc7
9.Re1 g6 10.c4 b4 11.Ba4 Bg7 12.a3 O-O 13.Nbd2 Ng4 14.axb4 cxb4 15.Bxd7 Qxd7
16.d4 Qc7 17.h3 Nf6 18.b3 Nd7 19.Bb2 e5 20.Nf1 Rfe8 21.Qb1 Qc6 22.d5 Qc7
23.Bc1 Nc5 24.Be3 Bc8 25.g4 Bd7 26.Ng3 a5 27.Bc1 h5 28.gxh5  1-0

[Event "51st World Juniors"]
[Site "Athens GRE"]
[Date "2012.08.13"]
[Round "11.14"]
[White "Huschenbeth,N"]
[Black "Gao Rui"]
[Result "1-0"]
[WhiteElo "2532"]
[BlackElo "2442"]

1.e4 c5 2.Nf3 d6 3.Bb5+ Nc6 4.O-O Bd7 5.Re1 Nf6 6.c3 a6 7.Bf1 Bg4 8.h3 Bh5
9.g4 Bg6 10.d4 cxd4 11.cxd4 d5 12.e5 Ne4 13.e6 fxe6 14.Nc3 e5 15.Nxe4 Bxe4
16.Ng5 exd4 17.Rxe4 dxe4 18.Qb3 Ne5 19.Bf4 h6 20.Ne6 Qd6 21.Rc1 Rb8 22.Rc5  1-0

[Event "XIII Miquel Mas Open"]
[Site "Figueres ESP"]
[Date "2012.08.13"]
[Round "6.5"]
[White "Simacek,P"]
[Black "Ladron de Guevara Pinto,P"]
[Result "1-0"]
[WhiteElo "2478"]
[BlackElo "2370"]

1.e4 c5 2.Nf3 d6 3.Bb5+ Nc6 4.Bxc6+ bxc6 5.O-O Bg4 6.d3 e5 7.Nbd2 g6 8.h3 Be6
9.Nc4 h6 10.a3 a5 11.a4 Bg7 12.Bd2 Ne7 13.Qe1 Bxc4 14.dxc4 O-O 15.Bc3 f5
16.Nd2 g5 17.Nb3 g4 18.hxg4 f4 19.f3 Bf6 20.Rd1 Nc8 21.g3 Ra7 22.gxf4 Bh4
23.Qe2 exf4 24.e5 Qe8 25.Qe4 h5 26.exd6 Qxe4 27.fxe4 hxg4 28.Nxc5 f3 29.d7 Nb6
30.Rd6 Kf7 31.Rh6 Bg5 32.Rh7+ Kg6 33.Rg7+ Kh5 34.Rxg5+ Kxg5 35.Ne6+  1-0

[Event "XIII Miquel Mas Open"]
[Site "Figueres ESP"]
[Date "2012.08.13"]
[Round "6.8"]
[White "Ramiro Ovejero,J"]
[Black "Vishnu,P"]
[Result "0-1"]
[WhiteElo "2349"]
[BlackElo "2435"]

1.e4 c5 2.Nf3 d6 3.Bb5+ Nd7 4.O-O a6 5.Bd3 Ngf6 6.c3 e5 7.Bc2 Be7 8.d4 O-O
9.a4 b6 10.Qe2 Qc7 11.Na3 Re8 12.d5 Nh5 13.Nc4 g6 14.g3 Ng7 15.Ne1 f5 16.exf5 gxf5
17.Bh6 Nf6 18.a5 bxa5 19.Nxa5 Bf8 20.c4 Qf7 21.Ba4 Bd7 22.Bxd7 Nxd7 23.Nc6 f4
24.Bxg7 Bxg7 25.Ra3 e4 26.gxf4 Qxf4 27.Ng2 Qf6 28.Rg3 Ne5 29.Nxe5 Qxe5 30.Ne3 Kh8
31.Kh1 Ra7 32.Rfg1 Rf8 33.Qg4 Qf4 34.Qxf4 Rxf4 35.Kg2 Rf8 36.b3 Rb7 37.Rg4 Be5
38.Rxe4 Rxb3  0-1